[Event "4NCL Division 1a"]
[Site "Solihull, ENG"]
[Date "2018.01.14"]
[Round "4.37"]
[White "Walsh, Marcus"]
[Black "Navarro Cia, Miguel"]
[Result "0-1"]
[WhiteElo "2035"]
[BlackElo "2273"]
[PlyCount "100"]
[EventDate "2018.01.14"]
[WhiteTeam "The ADs"]
[BlackTeam "Barbican 4NCL 2"]

1. e4 Nf6 2. e5 Nd5 3. d4 d6 4. Nf3 dxe5 5. Nxe5 c6 6. Bd3 Nd7 7. O-O Nxe5 8.
dxe5 g6 9. Re1 Bg7 10. Qe2 O-O 11. a3 Be6 12. Bd2 Qc8 13. c4 Nb6 14. Nc3 Bg4
15. f3 Bf5 16. Bf4 Bxd3 17. Qxd3 Rd8 18. Qe4 Qf5 19. Rad1 Qxe4 20. Rxd8+ Rxd8
21. Rxe4 h6 22. h4 e6 23. Kf1 Kf8 24. Ke2 Ke8 25. b4 Bf8 26. Be3 Nd7 27. g4 a5
28. c5 Ra8 29. Kd3 axb4 30. axb4 Ra1 31. g5 h5 32. Bd4 Rf1 33. Rf4 Bg7 34. Ke2
Rh1 35. Re4 Rh2+ 36. Kd3 Rb2 37. Kc4 Bf8 38. Ne2 b5+ 39. Kc3 Rb1 40. Ng3 Bg7
41. Re2 Rc1+ 42. Kb3 Rc4 43. Bb2 Rxh4 44. Ne4 Rh3 45. Nd6+ Ke7 46. Re3 Rg3 47.
Ka2 Rxg5 48. f4 Rg4 49. Ra3 Rxf4 50. Ra7 Rxb4 0-1

[Event "4NCL Division 1a"]
[Site "Solihull, ENG"]
[Date "2018.01.14"]
[Round "4.38"]
[White "Bhatia, Kanwal K"]
[Black "James, Ann-Marie"]
[Result "0-1"]
[WhiteElo "2023"]
[BlackElo "2042"]
[PlyCount "74"]
[EventDate "2018.01.14"]
[WhiteTeam "Barbican 4NCL 2"]
[BlackTeam "The ADs"]

1. e4 e5 2. Nf3 Nc6 3. Nc3 Bc5 4. Be2 Nf6 5. Nxe5 Nxe5 6. d4 Bd6 7. dxe5 Bxe5
8. Qd3 c6 9. O-O O-O 10. f4 Bxc3 11. bxc3 d5 12. e5 Ne4 13. f5 Qa5 14. Rf3 Re8
15. f6 Rxe5 16. fxg7 Bf5 17. Qd4 Rae8 18. Bb2 Nd6 19. Bd3 Bxd3 20. cxd3 Nf5 21.
Qb4 Qxb4 22. cxb4 Re2 23. Rb1 Ne3 24. Rg3 Nc2 25. Bf6 R8e6 26. Rf3 a6 27. a4
Ne1 28. Rxe1 Rxe1+ 29. Kf2 R6e2+ 30. Kg3 Rb1 31. Rf4 Re3+ 32. Kg4 Rxd3 33. Kf5
Re3 34. h4 Re4 35. Bc3 Rxf4+ 36. Kxf4 Rb3 37. Be1 Kxg7 0-1

[Event "4NCL Division 1a"]
[Site "Solihull, ENG"]
[Date "2018.01.14"]
[Round "4.41"]
[White "Martins, David Pires Tavares"]
[Black "Hanley, Craig A"]
[Result "1-0"]
[WhiteElo "2392"]
[BlackElo "2457"]
[PlyCount "55"]
[EventDate "2018.01.14"]
[WhiteTeam "Oxford 1"]
[BlackTeam "Spirit of Atticus A"]

1. c4 e5 2. g3 Nf6 3. Bg2 h6 4. Nc3 Bb4 5. e4 O-O 6. Nge2 d6 7. a3 Bxc3 8. Nxc3
Be6 9. b3 Qd7 10. O-O Nc6 11. Ne2 Bh3 12. f3 Nd4 13. Bxh3 Qxh3 14. Nxd4 exd4
15. d3 Nd7 16. g4 Ne5 17. Ra2 h5 18. Rg2 hxg4 19. Rg3 Qh4 20. fxg4 g5 21. Rf5
f6 22. Qf1 Kg7 23. Rh3 Qxg4+ 24. Rg3 Qh4 25. Rh3 Qg4+ 26. Rg3 Qh4 27. Qf2 c5
28. Bxg5 1-0

[Event "4NCL Division 1a"]
[Site "Solihull, ENG"]
[Date "2018.01.14"]
[Round "4.42"]
[White "Carleton, John J"]
[Black "Tan, Justin"]
[Result "0-1"]
[WhiteElo "2290"]
[BlackElo "2466"]
[PlyCount "110"]
[EventDate "2018.01.14"]
[WhiteTeam "Spirit of Atticus A"]
[BlackTeam "Oxford 1"]

1. d4 d5 2. c4 e6 3. Nf3 Nf6 4. g3 Be7 5. Bg2 O-O 6. O-O dxc4 7. Ne5 c5 8. dxc5
Qc7 9. Nxc4 Qxc5 10. b3 Rd8 11. Nbd2 Qc7 12. Bb2 Nc6 13. Rc1 Bd7 14. Ne5 Qa5
15. Ndc4 Qa6 16. Nxd7 Rxd7 17. Qc2 Nb4 18. Qb1 Nxa2 19. Rcd1 Nb4 20. Bxf6 Rxd1
21. Qxd1 Bxf6 22. Qd7 Nc6 23. Nd6 Rf8 24. Bxc6 bxc6 25. e3 Qa3 26. Qxc6 Qxb3
27. Ne4 Be5 28. Rc1 Rd8 29. Rc4 h6 30. Kg2 Qd3 31. Ra4 Qd7 32. Qxd7 Rxd7 33. f4
Bb2 34. Kf3 Rc7 35. h4 Kf8 36. Ra6 Bc1 37. g4 Ke7 38. f5 exf5 39. gxf5 Kd7 40.
h5 f6 41. Rd6+ Kc8 42. Re6 Ba3 43. Ra6 Bb4 44. Nf2 Kb7 45. Ra4 a5 46. Nd3 Bc3
47. Nf4 Rc5 48. e4 Kb6 49. Nd5+ Kb5 50. Ra2 Kc4 51. Rg2 Bd4 52. Rxg7 Rb5 53.
Rc7+ Kb3 54. Ke2 a4 55. Kd3 Be5 0-1

[Event "4NCL Division 1a"]
[Site "Solihull, ENG"]
[Date "2018.01.14"]
[Round "4.43"]
[White "Foo, Zhi Rong Benjamin"]
[Black "Lund, D Brett"]
[Result "0-1"]
[WhiteElo "2264"]
[BlackElo "2259"]
[PlyCount "58"]
[EventDate "2018.01.14"]
[WhiteTeam "Oxford 1"]
[BlackTeam "Spirit of Atticus A"]

1. e4 e6 2. b3 c5 3. Bb2 b6 4. Nf3 Bb7 5. Nc3 Nc6 6. Bc4 a6 7. a4 Na5 8. Qe2
Ne7 9. O-O Ng6 10. Ne1 Bd6 11. Nd3 Qc7 12. f4 O-O-O 13. e5 Be7 14. Ne4 Qc6 15.
Rfe1 Nxc4 16. bxc4 a5 17. Qf2 Ba6 18. Nd6+ Bxd6 19. exd6 f6 20. Ne5 fxe5 21.
Bxe5 Rhf8 22. Qg3 Nxe5 23. fxe5 Rf7 24. Rab1 Rdf8 25. Rb2 Bb7 26. Reb1 Rf2 27.
Qxf2 Rxf2 28. Kxf2 Qxg2+ 29. Ke1 Bf3 0-1

[Event "4NCL Division 1a"]
[Site "Solihull, ENG"]
[Date "2018.01.14"]
[Round "4.44"]
[White "Ivell, Nicholas W"]
[Black "Wu, Christopher"]
[Result "0-1"]
[WhiteElo "2209"]
[BlackElo "2338"]
[PlyCount "72"]
[EventDate "2018.01.14"]
[WhiteTeam "Spirit of Atticus A"]
[BlackTeam "Oxford 1"]

1. e4 c5 2. Nc3 a6 3. a4 Nc6 4. g3 g6 5. Bg2 Bg7 6. d3 d6 7. f4 e5 8. Nh3 Nge7
9. O-O Nd4 10. Rf2 O-O 11. f5 gxf5 12. Qh5 f6 13. exf5 Bxf5 14. Rxf5 Ndxf5 15.
Bxb7 Ra7 16. Be4 Qe8 17. Qd1 Qf7 18. a5 Kh8 19. Na4 Nd4 20. Nb6 f5 21. Bg2 Ne6
22. Ra4 f4 23. gxf4 exf4 24. Bxf4 Nxf4 25. Rxf4 Qe6 26. Rxf8+ Bxf8 27. Kh1 Ng6
28. Nd5 Bh6 29. Qh5 Qe1+ 30. Ng1 Bg7 31. c3 Rf7 32. Be4 Rf1 33. Qg5 Qh4 34. Qe3
Be5 35. h3 Rf2 36. Bg2 Rxb2 0-1

[Event "4NCL Division 1a"]
[Site "Solihull, ENG"]
[Date "2018.01.14"]
[Round "4.45"]
[White "Eckersley-Waites, Tom"]
[Black "Mitchell, Martin"]
[Result "1/2-1/2"]
[WhiteElo "2314"]
[BlackElo "2214"]
[PlyCount "75"]
[EventDate "2018.01.14"]
[WhiteTeam "Oxford 1"]
[BlackTeam "Spirit of Atticus A"]

1. d4 Nf6 2. c4 e6 3. Nc3 Bb4 4. Qb3 c5 5. Nf3 cxd4 6. Qxb4 Nc6 7. Qa3 dxc3 8.
Qxc3 O-O 9. g3 Ne4 10. Qc2 d5 11. Bg2 Qa5+ 12. Nd2 Nxd2 13. Bxd2 Qa6 14. b3
dxc4 15. Qxc4 Qxc4 16. bxc4 Bd7 17. Rb1 b6 18. c5 Rfb8 19. Rd1 Be8 20. Rc1 bxc5
21. Rxc5 Rc8 22. Be3 Rab8 23. O-O Nb4 24. Ra5 a6 25. a3 Nd5 26. Ba7 Rb2 27. e4
Nc3 28. Ra1 Bb5 29. h4 Ne2+ 30. Kh2 Nc1 31. a4 Be2 32. Rc5 Rxc5 33. Bxc5 Nb3
34. Ba3 Rd2 35. Rb1 Bc4 36. Rb2 Rxb2 37. Bxb2 a5 38. Bc3 1/2-1/2

[Event "4NCL Division 1a"]
[Site "Solihull, ENG"]
[Date "2018.01.14"]
[Round "4.46"]
[White "Jackson, Sheila"]
[Black "Asenov, Pavel"]
[Result "1/2-1/2"]
[WhiteElo "2119"]
[BlackElo "2275"]
[PlyCount "59"]
[EventDate "2018.01.14"]
[WhiteTeam "Spirit of Atticus A"]
[BlackTeam "Oxford 1"]

1. e4 e5 2. Nf3 Nc6 3. Bb5 d6 4. d4 exd4 5. Nxd4 Bd7 6. O-O g6 7. Nc3 Bg7 8.
Be3 Nf6 9. h3 O-O 10. Nxc6 bxc6 11. Bd3 Re8 12. Qd2 c5 13. Bg5 Qb8 14. Rab1 Bc6
15. Qf4 Nh5 16. Qh4 h6 17. Bd2 Qd8 18. Qxd8 Raxd8 19. Nd5 c4 20. Bxc4 Rxe4 21.
Ne3 Nf4 22. Bb3 d5 23. f3 Re7 24. Rfe1 Rde8 25. Kh2 Nh5 26. Nxd5 Bxd5 27. Bxd5
Rxe1 28. Rxe1 Rd8 29. c4 Nf6 30. Bc3 1/2-1/2

[Event "4NCL Division 1a"]
[Site "Solihull, ENG"]
[Date "2018.01.14"]
[Round "4.47"]
[White "Aguiar, Henrique Rui Neves"]
[Black "Latham, David"]
[Result "1-0"]
[WhiteElo "2175"]
[BlackElo "2105"]
[PlyCount "65"]
[EventDate "2018.01.14"]
[WhiteTeam "Oxford 1"]
[BlackTeam "Spirit of Atticus A"]

1. e4 c6 2. Nf3 d5 3. Nc3 Bg4 4. h3 Bxf3 5. Qxf3 e6 6. a3 Nd7 7. d3 d4 8. Nd1
e5 9. g3 g6 10. Bg2 Bg7 11. O-O Ne7 12. Qe2 O-O 13. f4 f6 14. Nf2 Qc7 15. Kh2
Kh8 16. Bd2 c5 17. f5 Rac8 18. h4 Qd6 19. Bh3 Rc7 20. Rh1 Kg8 21. Raf1 Kf7 22.
fxg6+ hxg6 23. h5 g5 24. h6 Bxh6 25. Qh5+ Kg7 26. Bxd7 Rxd7 27. Ng4 f5 28. Bxg5
Bxg5 29. Qxg5+ Qg6 30. Qxg6+ Nxg6 31. exf5 Rh8+ 32. Kg2 Rxh1 33. Rxh1 1-0

[Event "4NCL Division 1a"]
[Site "Solihull, ENG"]
[Date "2018.01.14"]
[Round "4.48"]
[White "Ackley, Peter J E"]
[Black "Varney, Zoe"]
[Result "1-0"]
[WhiteElo "2032"]
[BlackElo "2050"]
[PlyCount "65"]
[EventDate "2018.01.14"]
[WhiteTeam "Spirit of Atticus A"]
[BlackTeam "Oxford 1"]

1. c4 c6 2. Nf3 Nf6 3. b3 d5 4. Bb2 Bf5 5. g3 e6 6. Bg2 Nbd7 7. O-O Bd6 8. Nc3
O-O 9. d3 Qe7 10. Qc2 Ne5 11. Nh4 Bg4 12. d4 Ng6 13. Nxg6 fxg6 14. e4 dxe4 15.
Nxe4 Bf5 16. Rae1 e5 17. c5 Bc7 18. Qc4+ Be6 19. Nxf6+ gxf6 20. d5 cxd5 21.
Bxd5 Rfe8 22. f4 Rad8 23. Bxe6+ Qxe6 24. Qxe6+ Rxe6 25. fxe5 Rde8 26. exf6 Kf7
27. Rxe6 Rxe6 28. Rd1 Ke8 29. Kf2 Ba5 30. a3 Rc6 31. b4 Bd8 32. f7+ Ke7 33.
Rxd8 1-0